书目信息 |
| 题名: |
基于醋酸纤维素的生物可降解材料的合成与性能研究
|
|
| 作者: | 朱江 著 | |
| 分册: | ||
| 出版信息: | 北京 中国水利水电出版社 2017.5 |
|
| 页数: | 153页 | |
| 开本: | 24cm | |
| 丛书名: | ||
| 单 册: | ||
| 中图分类: | TQ352.712 | |
| 科图分类: | ||
| 主题词: | 醋酸纤维素--可降解材料--研究 | |
| 电子资源: | ||
| ISBN: | 978-7-5170-5166-4 | |
| 000 | 00855nam0 2200229 450 | |
| 001 | 0500003381 | |
| 005 | 20171022091521.0 | |
| 010 | @a978-7-5170-5166-4@dCNY42.00 | |
| 100 | @a20170905d2017 em y0chiy50 ea | |
| 101 | 0 | @achi |
| 102 | @aCN@b110000 | |
| 105 | @aa z 000yy | |
| 106 | @ar | |
| 200 | 1 | @a基于醋酸纤维素的生物可降解材料的合成与性能研究@9ji yu cu suan qian wei su de sheng wu ke jiang jie cai liao de he cheng yu xing neng yan jiu@f朱江著 |
| 210 | @a北京@c中国水利水电出版社@d2017.5 | |
| 215 | @a153页@c图@d24cm | |
| 330 | @a本书以纤维素衍生物——醋酸纤维素为例,侧重介绍其与聚对二氧环己酮的接枝改性,合成可完全生物降解的材料,并对其潜在的用途进行了阐述。 | |
| 606 | 0 | @a醋酸纤维素@x可降解材料@x研究 |
| 690 | @aTQ352.712@v5 | |
| 701 | 0 | @a朱江@9zhu jiang@4著 |
| 801 | 0 | @aCN@b91MARC@c20171022 |
| 905 | @b1036226-30@dTQ352.712@f5@e24 | |
| 基于醋酸纤维素的生物可降解材料的合成与性能研究/朱江著.-北京:中国水利水电出版社,2017.5 |
| 153页:图;24cm |
| ISBN 978-7-5170-5166-4:CNY42.00 |
| 本书以纤维素衍生物——醋酸纤维素为例,侧重介绍其与聚对二氧环己酮的接枝改性,合成可完全生物降解的材料,并对其潜在的用途进行了阐述。 |
| ● |
| 相关链接 |
|
|
|
|
正题名:基于醋酸纤维素的生物可降解材料的合成与性能研究
索取号:TQ352.712/24
 
预约/预借
| 序号 | 登录号 | 条形码 | 馆藏地/架位号 | 状态 | 备注 |
| 1 | 1036226 | 210362267 | 第二样本阅览室/ [索取号:TQ352.712/24] | 在馆 | |
| 2 | 1036227 | 210362276 | 密集书库-生命科学系/ [索取号:TQ352.712/24] | 在馆 | |
| 3 | 1036228 | 210362285 | 第三借阅区/ [索取号:TQ352.712/24] | 在馆 | |
| 4 | 1036229 | 210362294 | 第三借阅区/ [索取号:TQ352.712/24] | 在馆 | |
| 5 | 1036230 | 210362301 | 第三借阅区/ [索取号:TQ352.712/24] | 在馆 |